000 01569nam a2200313 4500
003 EC-UNACH
006 s||||gr|||| 00| 00
008 150116t9999 mx r gr 000 0 spa d
020 _a9978-84-234-9
040 _aEC-UNACH
_cEC-UNACH
041 _aspa
082 0 4 _223
_a305.8
_bL017419
100 _aBurgos, Hugo
245 _aRelaciones Interétnicas en Riobamba
_bDominio y dependencia en una región indígena Ecuatoriana
250 _aSegunda Edición (en esta presentación)
264 _aQuito
_bCorporación Editora Nacional
_c1997
300 _a375 p.
_bIlustraciones, Tablas
_c20 cm.
500 _aEste proyecto esta dedicada a recoger la producción mas destacada de la tradición indigenista del Ecuador, así como la producción de los intelectuales indígenas del Ecuador
501 _aLa explotación indígena desde el punto de vista regional, analizando un proceso contemporáneo, de carácter étnico- ideológico- político
504 _aBibliografía
505 _a1. Regiones geoeconómicas.- 2. Población e integración.- 3. Asentamientos y migraciones.- 4. Interdependencia económica.- 5. Economía parroquial.- 6. Mercado colonialista.- 7. Tratamiento desigual.- 8. Estratificación social y control político.- Conclusiones.- Apéndice: Historia de las relaciones coloniales en Riobamba
650 _aRELACIONES RACIALES
650 _aCONDICIONES ECONOMICAS
942 _2ddc
_c1
999 _c14397